00401nam a2200133Ia 4500008004100000020001800041100002100059245006200080260004300142300001900185500002200204650002400226650001700250190228s9999 xx 000 0 und d a9781119431466 aAngulo, Roberto. cby Roberto Angulo.--aGetting you first job for dummies / aNew Jersey :bJohn Willey & Sonsc2018 axi, 246 pages. aIncludes indexes. aCareer development. aJob hunting.